000 00465nam a2200181Ia 4500
001 3019
005 20260306144850.0
008 260306t1995||||xx |||||||||||||| ||spa||
041 _aESP
082 _a241.697
_bM44
100 _aMessori, Vittorio
_eAUT
245 0 _aApostar por la muerte:
_bla propuesta cristiana, ¿ilusión o esperanza?
260 _c1995
300 _a400 páginas :
_c20 cm.
650 _aGEN
654 _aCHU
942 _cLIB
_dJUS
_fJUS
_2ddc
_n
999 _c3019
_d3019